| 000 | 00459nam a2200169Ia 4500 | ||
|---|---|---|---|
| 008 | 230917s9999||||xx |||||||||||||| ||und|| | ||
| 020 | _cRS 950.00 | ||
| 040 |
_e5012659 _aMAIN |
||
| 041 | _aEnglish | ||
| 082 | _a294 S38R | ||
| 100 | _aSrivastava, Prashant | ||
| 245 | 0 | _aReligious systems in ancient India | |
| 260 |
_aDelhi _bAgam Kala Prakashan _c2020 |
||
| 300 | _ax,186 p. | ||
| 500 | _a4099 05/10/2021 IBS21/00133 12/10/2021 Main Budget | ||
| 942 | _cBK | ||
| 999 |
_c2504 _d2504 |
||